| 000 | 01037 a2200301 4500 | ||
|---|---|---|---|
| 001 | 200002167 | ||
| 003 | TR-AnTOB | ||
| 005 | 20240926141054.0 | ||
| 008 | 101018b tu 000 0 | ||
| 020 | _a9789751947864 | ||
| 040 |
_aTR-AnTOB _beng _cTR-AnTOB _erda |
||
| 041 | 0 | _atur | |
| 050 | 1 | 4 |
_aHD7211.93 _b.U45 2009 |
| 090 | _aHD 7211.93 .U45 2009 | ||
| 100 | 1 |
_aKüçükçavuş, Mehmet Ali _971124 |
|
| 245 | 0 | 0 |
_aÜlkemiz vatandaşı olmayanlara yapılan sosyal yardımlar : _bbir politika önerisi / _chaz ; Mehmet Ali Küçükçavuş. |
| 264 | 1 |
_aAnkara : _bBaşbakanlık Sosyal Yardımlaşma ve Dayanışma Genel Müdürlüğü, _c2009. |
|
| 300 |
_a187 s. : _bşkl., tbl. ; _c24 cm. |
||
| 336 |
_2rdacontent _atext _btxt |
||
| 337 |
_2rdamedia _aunmediated _bn |
||
| 338 |
_2rdacarrier _avolume _bnc |
||
| 502 | _aSosyal Yardım Uzmanlık Tezi. | ||
| 650 | 7 |
_aSosyal hizmet _zTürkiye _2etuturkob _982596 |
|
| 650 | 7 |
_aİnsani hizmetler _zTürkiye _2etuturkob _988282 |
|
| 700 | 1 |
_aÇoşkun, Selim _971125 |
|
| 942 |
_cBK _2lcc |
||
| 999 |
_c200002167 _d28982 |
||